000 00465nam a2200181Ia 4500
003 GCL
008 140319s9999 xx 000 0 eng d
040 _aGCL /
_cGCL
082 0 4 _a823.7
_bG J
100 1 _aGARD, ROGER
245 1 0 _aJANE AUSTEN'S NOVELS: THE ART OF CLARITY /
_cGARD, ROGER
260 _a[S.N] :
_bYALE UNIVERSITY PRESS ،
_c1992
300 _a261 P
650 0 4 _aCRITICISM
650 0 4 _aINTERPRETATION
650 0 4 _aCLARITY
942 _2ddc
_cBK
999 _c23483
_d23483